000
00204 a2200109 4500
020
_a
9788493781460
041
_a
spa
100
_a
Mar Pavon
245
_a
La Gallina Cocorina
942
_c
BK
952
_7
1
999
_c
24072
_d
24072